LDR 01010naa#a2200181#i#450# 001 RU\\bibl\121496 005 20260514024541.4 011 ## _a1994-4683 100 ## _a20230531b2023####ek#y0rusy0150####ca 102 ## _aRU 200 1# _aОЦЕНКА ЖЕНСТВЕННОСТИ ПУБЛИЧНОГО ИМИДЖА ДЕВУШЕК-СПОРТСМЕНОК (НА ПРИМЕРЕ ПРЫГУНИЙ В ВОДУ ВЫСОКОЙ КВАЛИФИКАЦИИ) _eЖурнальная статья 210 1# _aМосква _cНациональный государственный Университет физической культуры, спорта и здоровья им. П.Ф. Лесгафта _d2023 215 ## _a6 с. 608 ## _aЖурнальная статья _2local 675 ## _aПсихологические исследования, опыты, эксперименты, тесты, измерения. 159.9.072 _z 700 #1 _aСтепанова _gД П 700 #1 _aСтепанова _gО Н 856 4# _auchzapiski.lesgaft.spb.ru _u